Every NFL Teams ALL-TIME Best Receiver - Statistics

General Stats
  • This quiz has been taken 131 times
  • The average score is 15 of 31
Answer Stats
Hint Answer % Correct
49ers Jerry Rice
96%
Patriots Randy Moss
84%
Vikings Randy Moss
84%
Bengals Chad Johnson
82%
Lions Calvin Johnson
81%
Colts Marvin Harrison
76%
Chiefs Tyreek Hill
73%
Steelers Antonio Brown
70%
Cardinals Larry Fitzgerald
69%
Raiders Tim Brown
67%
Falcons Julio Jones
66%
Bucaneers Mike Evans
61%
Broncos Demaryius Thomas
54%
Browns Odell Beckham Jr.
52%
Giants Odell Beckham Jr.
52%
Chargers Keenan Allen
47%
Ravens Torrey Smith
47%
Texans DeAndre Hopkins
45%
Bills Andre Reed
43%
Rams Isaac Bruce
39%
Seahawks Steve Largent
37%
Jets Brandon Marshall
35%
Commanders Art Monk
32%
Eagles DeSean Jackson
29%
Jaguars Allen Robinson
26%
Packers Don Hutson
23%
Bears Alshon Jeffery
20%
Dolphins Mark Duper
15%
Titans Ernest Givins
7%
Cowboys Micheal Irvin
0%
Saints Micheal Thomas
0%
No matching quizzes found
Score Distribution
Percent of People with Each Score
Percentile by Number Answered
Your Score History
You have not taken this quiz